000 00629nam a2200217Ia 4500
008 150520s9999 xx 000 0 und d
050 _aBF 698
050 _b.En59 2015
100 _aEnriquez, Reyna L.
245 _aPersonality type and self-esteem level of cosplayers in Muntinlupa/Las Piñas/Parañaque /
245 _cReyna L. Enriquez.
260 _aLas Piñas, Philippines :
260 _bSISC,
260 _c2015.
300 _a99 pages :
300 _billustrations ;
300 _c28 cm.
500 _aIncludes bibliographical references and appendices.
650 _aPersonality
650 _aSelf-esteem
999 _c284104
_d284104